[Event "London Classic U1600 op 10th"]
[Site "London"]
[Date "2018.12.15"]
[Round "2"]
[White "Dorman, Orla"]
[Black "Silverman, Clifford"]
[Result "1/2-1/2"]
[WhiteElo "1381"]
[BlackElo "1525"]
[PlyCount "82"]
[EventDate "2018.12.14"]
[EventType "swiss"]
[EventRounds "5"]
[EventCountry "ENG"]
[SourceTitle "CBM 187 Extra"]
[Source "ChessBase"]
[SourceDate "2018.11.04"]
[SourceVersion "1"]
[SourceVersionDate "2018.11.04"]
[SourceQuality "1"]

1. e4 e5 2. Nf3 Nc6 3. Bc4 Be7 4. d4 exd4 5. Nxd4 Bc5 6. Nxc6 Qf6 7. Bxf7+ Qxf7 8. Nd4 d6 9. h3 Nf6 10. Nc3 0-0 11. Be3 a6 12. Qd3 Bb4 13. f3 Bxc3+ 14. Qxc3 c5 15. Ne2 b6 16. Nf4 Bb7 17. g4 d5 18. exd5 Nxd5 19. Nxd5 Bxd5 20. Rf1 Bxf3 21. Qb3 Qxb3 22. axb3 Bg2 23. Rxf8+ Kxf8 24. h4 Bf3 25. g5 Ke7 26. Kf2 Bh5 27. b4 Kd6 28. bxc5+ bxc5 29. Ra5 Rf8+ 30. Ke1 Rc8 31. Rxa6+ Rc6 32. Bf4+ Kd5 33. Ra7 Re6+ 34. Kd2 Re2+ 35. Kd3 c4+ 36. Kc3 Bg6 37. Bd2 Rh2 38. Rd7+ Kc6 39. Rd4 Bf7 40. Kb4 Rf2 41. Kc3 Rf3+ 1/2-1/2

[Event "BCF-ch U14"]
[Site "Llandudno"]
[Date "2017.08.02"]
[Round "4"]
[White "Jaberansari, Daniel"]
[Black "Dorman, Orla"]
[Result "1/2-1/2"]
[WhiteElo "1387"]
[BlackElo "1406"]
[PlyCount "55"]
[EventDate "2017.07.30"]
[EventType "swiss"]
[EventRounds "7"]
[EventCountry "WLS"]
[SourceTitle "CBM 179 Extra"]
[Source "ChessBase"]
[SourceDate "2017.08.23"]
[SourceVersion "1"]
[SourceVersionDate "2017.08.23"]
[SourceQuality "1"]

1. e4 e6 2. Nf3 d5 3. e5 c5 4. b4 cxb4 5. d4 Nc6 6. a3 Bd7 7. axb4 Bxb4+ 8. c3 Be7 9. Bd3 Rc8 10. Ba3 Bxa3 11. Nxa3 a6 12. c4 Qa5+ 13. Qd2 Qxd2+ 14. Kxd2 Nge7 15. Rab1 Na5 16. c5 Ng6 17. g3 Rf8 18. Ng5 h6 19. Nh3 Ne7 20. Ng1 f6 21. f4 fxe5 22. fxe5 Nf5 23. Ne2 Rc7 24. Rhf1 Nc6 25. Nc2 Bc8 26. Bxf5 Rxf5 27. Rxf5 exf5 28. Nf4 1/2-1/2